00332nam a2200133Ia 450000500170000000800410001702000150005808200130007310000200008624500160010626000390012230000140016150000230017520250704012001.0240331s9999 xx 000 0 und d a9559550810 bDHAa954 aDharmakeerthi,R 0aRobert Knox aColombobPradeepa Publishersc1993 a206 p ., aA Historical Novel